000 00479pab a2200169 454500
008 180718b1999 xxu||||| |||| 00| 0 eng d
100 _aVijaybaskar, M.
245 _aFlexible production and labour market outcomes: a case study of cotton knitwear industry
260 _c1999
300 _ap.815-27
362 _aOct-Dec
650 _aTextile industry
650 _aCase studies
650 _aLabour market
773 _aIndian Journal of Labour Economics
909 _a43369
999 _c43369
_d43369